Calling for sweet surrender (Record no. 63666)

MARC details
000 -LEADER
fixed length control field 00764cam a2200229 4500
001 - CONTROL NUMBER
control field ABS62350
008 - FIXED-LENGTH DATA ELEMENTS--GENERAL INFORMATION
fixed length control field 000000n2000 000 0 eng u
035 ## - SYSTEM CONTROL NUMBER
System control number (Sirsi) u106306
100 ## - MAIN ENTRY--PERSONAL NAME
Personal name Vivian, J.
245 ## - TITLE STATEMENT
Title Calling for sweet surrender
260 ## - PUBLICATION, DISTRIBUTION, ETC.
Date of publication, distribution, etc. 2000
490 ## - SERIES STATEMENT
Series statement Property Week
Volume/sequential designation 65(12) 19 May 2000, 70-71(2)
520 ## - SUMMARY, ETC.
Summary, etc. The Budget has forced landlords and tenants to re-assess their positions on the surrender of leases. Highlights the changes, and considers the implications of relinquishing a lease.
590 ## - LOCAL NOTE (RLIN)
Local note ABS
650 ## - SUBJECT ADDED ENTRY--TOPICAL TERM
Topical term or geographic name entry element LEASES
650 ## - SUBJECT ADDED ENTRY--TOPICAL TERM
Topical term or geographic name entry element LUBBOCK FINE & CO V CUSTOMS & EXCISE COMMISSIONERS
650 ## - SUBJECT ADDED ENTRY--TOPICAL TERM
Topical term or geographic name entry element BUDGET 2000
650 ## - SUBJECT ADDED ENTRY--TOPICAL TERM
Topical term or geographic name entry element SURRENDER
690 ## - LOCAL SUBJECT ADDED ENTRY--TOPICAL TERM (OCLC, RLIN)
Topical term or geographic name as entry element LANDLORD AND TENANT-LEASES
700 ## - ADDED ENTRY--PERSONAL NAME
Personal name White, G.
942 ## - ADDED ENTRY ELEMENTS (KOHA)
Suppress in OPAC 0
Holdings
Withdrawn status Lost status Source of classification or shelving scheme Damaged status Not for loan Home library Current library Shelving location Date acquired Total Checkouts Full call number Barcode Date last seen Copy number Price effective from Koha item type
    Dewey Decimal Classification     London London Journal article 07/06/2000   ABS62350 106306-1001 06/08/2019 1 06/08/2019 Journal article